Директива Совета 93/43 ЕЭС: от 14 июня 1993 г. по гигиене продуктов питания

書誌詳細
言語:ロシア語
出版事項: Новосибирск, 1993
主題:
フォーマット: 図書
KOHA link:https://koha.lib.tpu.ru/cgi-bin/koha/opac-detail.pl?biblionumber=117191

MARC

LEADER 00000nam0a2200000 4500
001 117191
005 20231101215401.0
035 |a (RuTPU)RU\TPU\book\126838 
035 |a RU\TPU\book\15124 
090 |a 117191 
100 |a 20070531d1993 k y0rusy50 ca 
101 0 |a rus 
102 |a RU 
105 |a y ln 000zy 
200 1 |a Директива Совета 93/43 ЕЭС  |e от 14 июня 1993 г. по гигиене продуктов питания 
210 |d 1993  |a Новосибирск 
215 |a 22 с. 
606 1 |a Санитарный надзор  |2 stltpush  |3 (RuTPU)RU\TPU\subj\53834  |9 71999 
610 1 |a директива 
610 1 |a гигиена 
610 1 |a Европейский Союз 
610 1 |a питание 
610 1 |a стандарты 
610 1 |a продукты 
675 |a 614.3  |v 3 
801 0 |a RU  |b 63413507  |c 20011209  |g PSBO 
801 2 |a RU  |b 63413507  |c 20221011  |g PSBO 
942 |c BK